000
00305nam a2200109Ia 4500
008
221009s9999 xx 000 0 und d
082
_a
020
100
_a
Pandey,Sujit Kumar
_9
80054
245
0
_a
Advanced Computer Application in Library and Information Scicence
260
_b
Shree Publication
942
_c
BK
999
_c
64962
_d
64962